[Event "67. BEM 2013"]
[Site "Dortmund"]
[Date "2013.02.25"]
[Round "4.20"]
[White "Skoecz, Horst"]
[Black "Wangrin, Stefan A"]
[Result "1/2-1/2"]
[WhiteElo "1183"]
[BlackElo "1213"]
[PlyCount "218"]
[EventDate "2013.??.??"]
[Source "SG Dortmund"]
[SourceDate "2004.12.16"]

1. e4 c5 2. Nf3 a6 3. d4 g6 4. e5 e6 5. c3 b5 6. dxc5 Bxc5 7. Be3 Qb6 8. Bxc5
Qxc5 9. Qd6 Qd5 10. Qxd5 exd5 11. Nbd2 Ne7 12. a4 O-O 13. axb5 a5 14. Nb3 Rd8
15. Rxa5 Rxa5 16. Nxa5 d6 17. Nb3 dxe5 18. Nxe5 Nd7 19. Nxd7 Bxd7 20. Be2 Re8
21. O-O Nf5 22. Bd3 Nd6 23. Nd4 Rb8 24. b4 Bxb5 25. Bxb5 Nxb5 26. Nxb5 Rxb5 27.
Rb1 f5 28. f3 g5 29. Kf2 Kf7 30. Ke3 Rb8 31. b5 Rb6 32. Kd4 Ke6 33. Kc5 Rb8 34.
Re1+ Kd7 35. Re5 Rc8+ 36. Kxd5 Rxc3 37. Kd4 Rc2 38. Rxf5 Rxg2 39. Kc5 Rxh2 40.
Rxg5 h5 41. b6 h4 42. Rg7+ Kc8 43. Kc6 Rc2+ 44. Kb5 h3 45. Rh7 h2 46. f4 Rf2
47. Kc6 Rc2+ 48. Kd6 Rd2+ 49. Ke5 Rb2 50. f5 Rb5+ 51. Kf4 Rxb6 52. Rxh2 Kd7 53.
Rh7+ Ke8 54. Kg5 Kf8 55. Ra7 Rb8 56. f6 Rb1 57. Kg6 Rg1+ 58. Kh7 Rh1+ 59. Kg6
Rg1+ 60. Kh5 Rh1+ 61. Kg5 Rg1+ 62. Kf5 Rf1+ 63. Ke6 Re1+ 64. Kd5 Rd1+ 65. Kc4
Rf1 66. Kd5 Rxf6 67. Ke5 Rf1 68. Ra8+ Ke7 69. Ke4 Re1+ 70. Kf3 Re6 71. Kf4 Rf6+
72. Kg5 Rd6 73. Ra4 Rd5+ 74. Kg6 Ke6 75. Ra8 Rb5 76. Ra6+ Ke5 77. Rf6 Rb1 78.
Rf5+ Ke6 79. Ra5 Rg1+ 80. Kh5 Kf6 81. Kh4 Rg8 82. Ra6+ Kf5 83. Kh3 Kf4 84. Rf6+
Ke3 85. Kh2 Rg7 86. Rf8 Rg4 87. Kh3 Rf4 88. Ra8 Rd4 89. Kg2 Rd7 90. Re8+ Kd4
91. Rg8 Re7 92. Kf3 Re3+ 93. Kf2 Re7 94. Rd8+ Ke4 95. Rd1 Kf4 96. Rd3 Ke5 97.
Re3+ Kd6 98. Rd3+ Ke5 99. Rd8 Re6 100. Kf3 Kf6 101. Rd4 Ke7 102. Kg4 Kf7 103.
Kh5 Kf6 104. Rf4+ Ke5 105. Rf1 Rf6 106. Re1+ Kf5 107. Rg1 Rf7 108. Rg5+ Ke6
109. Ra5 Rf5+ 1/2-1/2

[Event "67. BEM 2013"]
[Site "Dortmund"]
[Date "2013.02.26"]
[Round "5.1"]
[White "Schmittdiel, Eckhard"]
[Black "Kohlweyer, Bernd"]
[Result "1/2-1/2"]
[WhiteElo "2361"]
[BlackElo "2434"]
[PlyCount "89"]
[EventDate "2013.??.??"]
[Source "SG Dortmund"]
[SourceDate "2004.12.16"]

1. e4 c5 2. Nf3 d6 3. Bb5+ Nd7 4. O-O Ngf6 5. Re1 a6 6. Bf1 b5 7. a4 b4 8. a5
Bb7 9. d3 g6 10. Nbd2 Bg7 11. c3 bxc3 12. bxc3 O-O 13. d4 e6 14. Bd3 Qc7 15.
Bb2 Rfb8 16. Ra2 Bc6 17. Qe2 cxd4 18. cxd4 Bb5 19. Rc1 Qd8 20. Bc3 Ne8 21. Bxb5
Rxb5 22. Rac2 Bh6 23. d5 e5 24. Rb1 Rab8 25. Rxb5 Rxb5 26. Nc4 Nc5 27. g3 Nf6
28. Bd2 Bxd2 29. Nfxd2 Qb8 30. Qe3 Nfd7 31. Kg2 Kg7 32. Qa3 h5 33. h4 Kf8 34.
Qe3 Kg7 35. Qa3 Kf8 36. Rc3 Ke7 37. Rf3 f6 38. Rc3 Qb7 39. Ne3 Rb4 40. Rc4 Rb2
41. Qc3 Qb5 42. Nc2 Kf8 43. Na3 Qb8 44. Qe3 Kg7 45. Qc3 {(=)} 1/2-1/2

[Event "67. BEM 2013"]
[Site "Dortmund"]
[Date "2013.02.26"]
[Round "5.2"]
[White "Duschek, Günter"]
[Black "Schiefelbusch, Dirk"]
[Result "1/2-1/2"]
[WhiteElo "1488"]
[BlackElo "2061"]
[PlyCount "46"]
[EventDate "2013.??.??"]
[Source "SG Dortmund"]
[SourceDate "2004.12.16"]

1. d4 Nf6 2. Bf4 e6 3. Nf3 b6 4. e3 Bb7 5. Bd3 Be7 6. Nbd2 d5 7. Ne5 O-O 8. h4
c5 9. c3 Nc6 10. h5 Nxe5 11. dxe5 Nd7 12. Qg4 Kh8 13. Nf3 a5 14. Qh3 Ba6 15.
Bxa6 Rxa6 16. g4 c4 17. g5 Nc5 18. Rb1 b5 19. Rg1 Nd3+ 20. Kf1 Ra7 21. Nd4 Qe8
22. g6 Nxf4 23. exf4 Bc5 1/2-1/2

[Event "67. BEM 2013"]
[Site "Dortmund"]
[Date "2013.02.26"]
[Round "5.3"]
[White "Hoppe, Dirk"]
[Black "Zelt, Jens"]
[Result "1-0"]
[WhiteElo "1843"]
[BlackElo "2066"]
[PlyCount "67"]
[EventDate "2013.??.??"]
[Source "SG Dortmund"]
[SourceDate "2004.12.16"]

1. e4 c5 2. Nf3 d6 3. d4 cxd4 4. c3 dxc3 5. Nxc3 g6 6. Bc4 Nc6 7. Be3 Nf6 8. e5
dxe5 9. Qxd8+ Kxd8 10. Ng5 Kc7 11. Nxf7 Rg8 12. Nb5+ Kb8 13. Nxe5 Nxe5 14. Bf4
Nfd7 15. Bxg8 a6 16. Nd4 Ka7 17. O-O Bg7 18. Be3 b6 19. Bd5 Bb7 20. Bxb7 Kxb7
21. Rac1 Nf8 22. Rfd1 Re8 23. h3 e6 24. b4 b5 25. Nb3 Nc4 26. Na5+ Nxa5 27.
bxa5 Be5 28. Bb6 Bb8 29. Rc2 e5 30. Rcd2 Ne6 31. Rd7+ Ka8 32. Rxh7 e4 33. Rh4
Nf4 34. Rd8 1-0

[Event "67. BEM 2013"]
[Site "Dortmund"]
[Date "2013.02.26"]
[Round "5.4"]
[White "Begna, Bozidar"]
[Black "Schütz, Ralf"]
[Result "1-0"]
[WhiteElo "1929"]
[BlackElo "1848"]
[PlyCount "34"]
[EventDate "2013.??.??"]
[Source "SG Dortmund"]
[SourceDate "2004.12.16"]

1. Nf3 d5 2. c4 d4 3. b4 c5 4. Bb2 f6 5. bxc5 e5 6. e3 dxe3 7. fxe3 Bg4 8. d4
e4 9. h3 Bd7 10. Nfd2 f5 11. Qe2 b6 12. cxb6 axb6 13. Nc3 Ba3 14. Rb1 Bb4 15.
Ra1 Qh4+ 16. Qf2 Qxf2+ 17. Kxf2 Ne7 1-0

[Event "67. BEM 2013"]
[Site "Dortmund"]
[Date "2013.02.26"]
[Round "5.5"]
[White "Lauche, Christoph"]
[Black "Grube, Jörg"]
[Result "0-1"]
[WhiteElo "1914"]
[BlackElo "1789"]
[PlyCount "88"]
[EventDate "2013.??.??"]
[Source "SG Dortmund"]
[SourceDate "2004.12.16"]

1. e4 a6 2. d4 e6 3. Nf3 b5 4. Bd3 Bb7 5. O-O c5 6. c3 cxd4 7. cxd4 Nc6 8. Nc3
Nb4 9. Bb1 Bd6 10. a3 Nc6 11. e5 Bc7 12. Ng5 f5 13. d5 Nxe5 14. dxe6 h6 15. Nf7
Nxf7 16. exf7+ Kxf7 17. Ba2+ Kg6 18. Bd5 Bc6 19. Qf3 Ne7 20. Bxc6 Nxc6 21. Bf4
Bxf4 22. Qxf4 Rf8 23. Rad1 Rf7 24. Rd6+ Kh7 25. Rfd1 Qg5 26. Qxg5 hxg5 27. Rxd7
Rxd7 28. Rxd7 Na5 29. Nd5 Nc4 30. Ne3 Re8 31. Kf1 Nxe3+ 32. fxe3 Rxe3 33. Rd6
Rb3 34. Rd2 g4 35. Ke1 a5 36. Kd1 Kg6 37. Kc2 a4 38. Rf2 Kg5 39. Kd1 f4 40. Rd2
f3 41. g3 Kf5 42. Kc2 Ke4 43. Rd7 Ke3 44. Rxg7 f2 0-1

[Event "67. BEM 2013"]
[Site "Dortmund"]
[Date "2013.02.26"]
[Round "5.6"]
[White "Kropp, Andreas"]
[Black "Simon, Thomas"]
[Result "0-1"]
[WhiteElo "1908"]
[BlackElo "1778"]
[PlyCount "68"]
[EventDate "2013.??.??"]
[Source "SG Dortmund"]
[SourceDate "2004.12.16"]

1. f4 d5 2. Nf3 Bg4 3. d4 Bxf3 4. exf3 Nf6 5. Bd3 Nc6 6. c3 g6 7. O-O Bg7 8. b4
O-O 9. Re1 e6 10. a4 Nh5 11. Be3 Bh6 12. Qd2 Qf6 13. g3 a5 14. b5 Ne7 15. Qf2
Rfc8 16. Ra2 c6 17. Rb2 Nf5 18. bxc6 bxc6 19. Na3 Nxe3 20. Qxe3 Bf8 21. Nc2 c5
22. Reb1 cxd4 23. cxd4 Ng7 24. g4 Bd6 25. f5 exf5 26. g5 Qd8 27. h4 Rc3 28. Ne1
Ne6 29. Rc2 Ra3 30. Rc6 Rxa4 31. Rbb6 Bf4 32. Qf2 Nxd4 33. Bb5 Nxb5 34. Rxb5
Qe8 0-1

[Event "67. BEM 2013"]
[Site "Dortmund"]
[Date "2013.02.26"]
[Round "5.7"]
[White "Ziemek, Gerhard"]
[Black "Zachos, Ingo"]
[Result "1-0"]
[WhiteElo "1692"]
[BlackElo "1884"]
[PlyCount "69"]
[EventDate "2013.??.??"]
[Source "SG Dortmund"]
[SourceDate "2004.12.16"]

1. d4 Nf6 2. Nc3 d6 3. e4 g6 4. f4 Bg7 5. Nf3 O-O 6. Bd3 Na6 7. a3 c5 8. e5 Nd7
9. e6 fxe6 10. Ng5 cxd4 11. Nce4 Nac5 12. O-O h6 13. Nxc5 Nxc5 14. Bxg6 Rf6 15.
Qh5 Qf8 16. Nh7 Qd8 17. Nxf6+ exf6 18. f5 Qf8 19. b4 Na4 20. Bd2 e5 21. Rf3 e4
22. Rf4 Qe7 23. Re1 d5 24. Rg4 Bd7 25. Bxh6 Kf8 26. Bxg7+ Qxg7 27. Bh7 Be8 28.
Qh4 Qh8 29. Qh6+ Ke7 30. Rg7+ Bf7 31. Qg6 Qf8 32. g4 Rc8 33. Qh6 Qh8 34. g5
fxg5 35. Qe6+ 1-0

[Event "67. BEM 2013"]
[Site "Dortmund"]
[Date "2013.02.26"]
[Round "5.8"]
[White "Büdel, Jürgen"]
[Black "Schwarz, Ingo"]
[Result "0-1"]
[WhiteElo "1637"]
[BlackElo "1875"]
[PlyCount "70"]
[EventDate "2013.??.??"]
[Source "SG Dortmund"]
[SourceDate "2004.12.16"]

1. e4 d5 2. e5 d4 3. Bc4 Nc6 4. f4 Bf5 5. d3 e6 6. Nf3 Nge7 7. O-O Ng6 8. Ng5
h5 9. h3 h4 10. a3 Be7 11. Nf3 a6 12. a4 Nb4 13. a5 Nd5 14. Nxd4 Bc5 15. c3
Ndxf4 16. Kh2 Bxd4 17. cxd4 Qxd4 18. Qf3 Nxd3 19. Bxd3 Qxd3 20. Qxd3 Bxd3 21.
Re1 Bxb1 22. Rxb1 Rh5 23. b4 Nxe5 24. Bf4 Nd3 25. Re4 Nxf4 26. Rxf4 g5 27. Re4
c6 28. Rb3 Rd8 29. Rf3 Rd5 30. Kg1 Ke7 31. Rfe3 Rh8 32. Kh2 Rhd8 33. Re2 R8d6
34. g3 hxg3+ 35. Kxg3 f5 0-1

[Event "67. BEM 2013"]
[Site "Dortmund"]
[Date "2013.02.26"]
[Round "5.9"]
[White "Rzoczek, Christoph"]
[Black "Sonntag, Joachim"]
[Result "1-0"]
[WhiteElo "1513"]
[BlackElo "1799"]
[PlyCount "111"]
[EventDate "2013.??.??"]
[Source "SG Dortmund"]
[SourceDate "2004.12.16"]

1. d4 d5 2. Nf3 Nf6 3. Nbd2 Nc6 4. e3 Bf5 5. c4 e6 6. a3 Bd6 7. b4 O-O 8. b5
Nb8 9. c5 Be7 10. Ne5 c6 11. a4 Nfd7 12. Ndf3 f6 13. Nxd7 Nxd7 14. Nh4 Be4 15.
Nf3 Qc7 16. Be2 b6 17. bxc6 Nb8 18. O-O bxc5 19. dxc5 Bxc5 20. Ba3 Bxa3 21.
Rxa3 Qd6 22. Rc3 Rc8 23. Nd2 Bg6 24. Qc1 Rxc6 25. Bb5 Rxc3 26. Qxc3 Nd7 27. Rc1
Nb6 28. Qc7 Qb4 29. Qc3 Qxc3 30. Rxc3 a6 31. a5 axb5 32. axb6 Rb8 33. Rc6 e5
34. Nb3 Be8 35. Rd6 Kf7 36. Nc5 b4 37. b7 b3 38. Rb6 b2 39. Rxb2 Bc6 40. Rb6
Bxb7 41. Rxb7+ Rxb7 42. Nxb7 Ke6 43. Kf1 e4 44. Ke2 g5 45. g4 f5 46. h3 Kf6 47.
Nc5 f4 48. Nd7+ Ke7 49. Nc5 Kf6 50. Nb3 Kg6 51. Nd4 h5 52. Ne6 hxg4 53. hxg4
Kf6 54. Nc7 Ke5 55. Nb5 fxe3 56. Kxe3 1-0

[Event "67. BEM 2013"]
[Site "Dortmund"]
[Date "2013.02.26"]
[Round "5.10"]
[White "Vogt, Christian"]
[Black "Schmock, Sven"]
[Result "0-1"]
[WhiteElo "1494"]
[BlackElo "1779"]
[PlyCount "62"]
[EventDate "2013.??.??"]
[Source "SG Dortmund"]
[SourceDate "2004.12.16"]

1. d4 d5 2. c4 Nf6 3. Nc3 c6 4. Nf3 Bg4 5. Ne5 Bh5 6. h3 e6 7. g4 Bg6 8. Qb3
Qc8 9. Nxg6 hxg6 10. Bg2 Nbd7 11. Bf4 dxc4 12. Qxc4 Nb6 13. Qb3 Qd7 14. e3 Be7
15. Be5 Rd8 16. Rd1 Bd6 17. Ke2 O-O 18. Rhe1 Nh7 19. Bxd6 Qxd6 20. Rh1 Rd7 21.
Ne4 Qe7 22. Nc5 Rc7 23. Nd3 Nd5 24. Rc1 f5 25. Bxd5 exd5 26. Ne5 Rf6 27. h4 Nf8
28. g5 Re6 29. a3 Nd7 30. Nd3 {(=)} 30... Re4 31. Nf4 Rxf4 0-1

[Event "67. BEM 2013"]
[Site "Dortmund"]
[Date "2013.02.26"]
[Round "5.11"]
[White "Cogan, Leonid"]
[Black "Benke, Werner"]
[Result "1-0"]
[WhiteElo "1725"]
[BlackElo "1457"]
[PlyCount "81"]
[EventDate "2013.??.??"]
[Source "SG Dortmund"]
[SourceDate "2004.12.16"]

1. e4 c5 2. Nf3 d6 3. d4 cxd4 4. Nxd4 Nf6 5. Nc3 Nc6 6. Nde2 e6 7. h3 Be7 8. g4
h6 9. Bg2 Bd7 10. Be3 Qc7 11. Qd2 a6 12. f4 Qa5 13. O-O Nh7 14. a3 Qd8 15. b4
b5 16. Rad1 Bc8 17. e5 d5 18. Nd4 Nxd4 19. Bxd4 Bb7 20. Qf2 Rc8 21. f5 Bh4 22.
Qe2 O-O 23. Rd3 Qd7 24. Kh2 Qd8 25. Rdf3 Ng5 26. Rf4 Nh7 27. Qd3 Bg5 28. R4f3
Qc7 29. Kh1 Qc4 30. Qd1 Qc7 31. Qe1 Qd8 32. f6 gxf6 33. exf6 e5 34. Qxe5 Re8
35. Qf5 Bh4 36. Qh5 Bg5 37. h4 Bd2 38. Rd3 Bxc3 39. Bxc3 Qd7 40. Rg3 Re2 41.
Qxh6 1-0

[Event "67. BEM 2013"]
[Site "Dortmund"]
[Date "2013.02.26"]
[Round "5.12"]
[White "Kesselmeier, Klaus"]
[Black "Tekin, Baran"]
[Result "0-1"]
[WhiteElo "1365"]
[BlackElo "1709"]
[PlyCount "59"]
[EventDate "2013.??.??"]
[Source "SG Dortmund"]
[SourceDate "2004.12.16"]

1. e4 g6 2. d4 d6 3. Nf3 Bg7 4. Nc3 a6 5. Be3 b5 6. a3 Bb7 7. Bd3 Nd7 8. O-O
Rc8 9. Ne2 c5 10. c3 Ngf6 11. Ng3 h5 12. h3 h4 13. e5 hxg3 14. exf6 gxf2+ 15.
Rxf2 Nxf6 16. Nh2 Nd5 17. Qf3 O-O 18. Be4 e6 19. Raf1 Nxe3 20. Qxe3 Bxe4 21.
Qxe4 cxd4 22. cxd4 Rc4 23. Nf3 d5 24. Qd3 Qb6 25. b3 Rxd4 26. Nxd4 Bxd4 27. Qf3
Qd6 28. b4 e5 29. g4 e4 30. Qf4 0-1

[Event "67. BEM 2013"]
[Site "Dortmund"]
[Date "2013.02.26"]
[Round "5.13"]
[White "Raskin, Vitali"]
[Black "Koch, Detlev"]
[Result "1-0"]
[WhiteElo "1671"]
[BlackElo "1312"]
[PlyCount "57"]
[EventDate "2013.??.??"]
[Source "SG Dortmund"]
[SourceDate "2004.12.16"]

1. d4 d5 2. c4 e6 3. Nc3 c5 4. Nf3 dxc4 5. e3 a6 6. a4 Nf6 7. Bxc4 Nc6 8. O-O
Be7 9. Re1 O-O 10. Ne5 Qb6 11. Bd3 cxd4 12. Nxc6 Qxc6 13. exd4 Rd8 14. Bg5 Qb6
15. Qc2 g6 16. Be3 Qc7 17. h3 Bd7 18. d5 Bd6 19. Bg5 Kg7 20. Ne4 Nxe4 21. Bxd8
Qxc2 22. Bxc2 Nf6 23. dxe6 Bxe6 24. Bb6 Nd5 25. Bd4+ Kg8 26. Be4 Bf8 27. Rac1
f5 28. Bf3 b5 29. Rxe6 1-0

[Event "67. BEM 2013"]
[Site "Dortmund"]
[Date "2013.02.26"]
[Round "5.14"]
[White "Schulz-Runge, Michael"]
[Black "Winkler, Harald"]
[Result "1-0"]
[WhiteElo "1751"]
[BlackElo "1323"]
[PlyCount "45"]
[EventDate "2013.??.??"]
[Source "SG Dortmund"]
[SourceDate "2004.12.16"]

1. e4 e5 2. Bc4 d6 3. Nf3 h6 4. d4 exd4 5. e5 d5 6. Bb5+ Bd7 7. Qe2 Bb4+ 8. c3
dxc3 9. bxc3 Bc5 10. O-O Nc6 11. Bb2 Nge7 12. c4 Be6 13. Rd1 O-O 14. Nc3 a6 15.
Bxc6 bxc6 16. Ne4 Ba7 17. c5 Bf5 18. Nf6+ gxf6 19. exf6 Ng6 20. Ng5 Nf4 21. Qe5
hxg5 22. Qxf5 Ne6 23. Rd3 1-0

[Event "67. BEM 2013"]
[Site "Dortmund"]
[Date "2013.02.26"]
[Round "5.15"]
[White "Grawe, Herbert"]
[Black "Böckmann, Lieselotte"]
[Result "1-0"]
[WhiteElo "1450"]
[BlackElo "938"]
[Annotator "Schulenburg,Pit"]
[PlyCount "101"]
[EventDate "2013.??.??"]
[Source "SG Dortmund"]
[SourceDate "2004.12.16"]

1. d4 g6 2. e4 e6 3. f4 a6 4. Nf3 d6 5. Bd3 Bg7 6. e5 d5 7. O-O Ne7 8. g4 O-O
9. Qe1 Nec6 10. c3 Nd7 11. Nbd2 f6 12. Qg3 f5 13. gxf5 exf5 14. Ng5 Re8 15.
Ndf3 h6 16. Nh3 Nf8 17. Nh4 Be6 18. Nxg6 Ne7 19. Nxf8 Rxf8 20. Kh1 Kh8 21. Bd2
Rg8 22. Qf3 Qe8 23. Rg1 Bf7 24. Rg3 Bh5 25. Qg2 Ng6 26. Qxd5 c6 27. Qb3 Qd7 28.
Bc4 Nh4 29. Rf1 b5 30. Be6 Qb7 31. Bxg8 Rxg8 32. e6 c5+ 33. Kg1 Qe4 (33... c4
$1 34. Qa3 (34. Qc2 Bxd4+ 35. cxd4 Rxg3+ 36. Kf2 Qf3+ 37. Ke1 Qe2#) 34... Bf8
$1 {und Schwarz gewinnt die Dame oder setzt matt!}) 34. Nf2 Nf3+ 35. Kh1 Qe2 (
35... Qb7 $1 $19) 36. Qd1 Nxd2 37. Qxe2 Bxe2 38. Re1 Bf3+ 39. Kg1 cxd4 40. cxd4
Ne4 (40... Re8 $1) 41. Nxe4 fxe4 42. d5 Bd4+ 43. Kf1 Re8 44. Rc1 Be5 45. fxe5
Bh1 46. Rc7 Rf8+ 47. Rf7 Rc8 48. Rc3 Rg8 49. e7 e3 50. d6 Bd5 51. Rf8 1-0

[Event "67. BEM 2013"]
[Site "Dortmund"]
[Date "2013.02.26"]
[Round "5.16"]
[White "Simon, Stefan"]
[Black "Schmidt, Andreas N"]
[Result "1-0"]
[WhiteElo "1440"]
[BlackElo "915"]
[PlyCount "29"]
[EventDate "2013.??.??"]
[Source "SG Dortmund"]
[SourceDate "2004.12.16"]

1. e4 e5 2. Nf3 Nc6 3. Bc4 h6 4. d4 d6 5. c3 Nf6 6. dxe5 Nxe4 7. Bxf7+ Kxf7 8.
Qd5+ Kg6 9. Qxe4+ Bf5 10. Nh4+ Kh7 11. Nxf5 g6 12. Nxh6 Nxe5 13. Ng4 Bg7 14.
Nxe5 Bxe5 15. O-O 1-0

[Event "67. BEM 2013"]
[Site "Dortmund"]
[Date "2013.02.26"]
[Round "5.18"]
[White "Reker, Gerhard"]
[Black "Wangrin, Stefan A"]
[Result "0-1"]
[WhiteElo "864"]
[BlackElo "1213"]
[PlyCount "52"]
[EventDate "2013.??.??"]
[Source "SG Dortmund"]
[SourceDate "2004.12.16"]

1. e4 c5 2. Nf3 g6 3. Nc3 Bg7 4. Nd5 e6 5. Nc3 Nc6 6. Bb5 Nge7 7. O-O d5 8.
exd5 Nxd5 9. Bxc6+ bxc6 10. d3 Ba6 11. Bg5 f6 12. Bh4 O-O 13. Qe1 Qe8 14. Nxd5
cxd5 15. Qa5 Qb5 16. Qxb5 Bxb5 17. Rae1 Rae8 18. Bg3 c4 19. dxc4 Bxc4 20. Bd6
Rf7 21. Bc5 Bxf1 22. Rxf1 Rc8 23. b4 Bf8 24. Re1 Bxc5 25. bxc5 Rxc5 26. Nd4 e5
0-1

[Event "67. BEM 2013"]
[Site "Dortmund"]
[Date "2013.02.28"]
[Round "6.1"]
[White "Kohlweyer, Bernd"]
[Black "Grube, Jörg"]
[Result "1-0"]
[WhiteElo "2434"]
[BlackElo "1789"]
[PlyCount "53"]
[EventDate "2013.??.??"]
[Source "SG Dortmund"]
[SourceDate "2004.12.16"]

1. d4 Nf6 2. c4 g6 3. f3 Bg7 4. e4 d6 5. Ne2 O-O 6. Be3 e5 7. Qd2 Nh5 8. Nbc3
Nc6 9. d5 Na5 10. Ng3 b6 11. Nxh5 gxh5 12. O-O-O a6 13. Be2 Qe8 14. g4 hxg4 15.
fxg4 Bd7 16. Rdg1 Rb8 17. b3 f6 18. h4 Nb7 19. h5 Bh8 20. h6 Kf7 21. g5 Ke7 22.
Bh5 Qc8 23. gxf6+ Bxf6 24. Rg7+ Bxg7 25. hxg7 Rf4 26. Bxf4 exf4 27. Qxf4 1-0

[Event "67. BEM 2013"]
[Site "Dortmund"]
[Date "2013.02.28"]
[Round "6.2"]
[White "Schmittdiel, Eckhard"]
[Black "Begna, Bozidar"]
[Result "1-0"]
[WhiteElo "2361"]
[BlackElo "1929"]
[PlyCount "75"]
[EventDate "2013.??.??"]
[Source "SG Dortmund"]
[SourceDate "2004.12.16"]

1. e4 Nf6 2. e5 Nd5 3. d4 d6 4. Nf3 Nb6 5. Nc3 g6 6. a4 c6 7. Bf4 d5 8. a5 N6d7
9. Qd2 Bg7 10. h4 h5 11. e6 Nf8 12. exf7+ Kxf7 13. Ne5+ Bxe5 14. Bxe5 Rh7 15.
Bd3 Bf5 16. Qf4 e6 17. Kd2 Nbd7 18. f3 Nxe5 19. Qxe5 Qf6 20. Be2 Qxe5 21. dxe5
Nd7 22. Ra4 Nxe5 23. g4 hxg4 24. fxg4 Be4 25. Nxe4 dxe4 26. Rxe4 Nd7 27. Bc4
Nf8 28. g5 Rd8+ 29. Kc3 Ke7 30. b4 Rf7 31. h5 gxh5 32. Rxh5 Rf3+ 33. Kb2 Rg3
34. Rf4 b6 35. a6 c5 36. Bd3 cxb4 37. g6 Kd6 38. Rh8 1-0

[Event "67. BEM 2013"]
[Site "Dortmund"]
[Date "2013.02.28"]
[Round "6.3"]
[White "Duschek, Günter"]
[Black "Hoppe, Dirk"]
[Result "1-0"]
[WhiteElo "1488"]
[BlackElo "1843"]
[PlyCount "65"]
[EventDate "2013.??.??"]
[Source "SG Dortmund"]
[SourceDate "2004.12.16"]

1. d4 Nf6 2. Bf4 e6 3. Nf3 c5 4. e3 Nc6 5. c3 d5 6. Nbd2 Bd6 7. Bg3 Qe7 8. Bh4
Bd7 9. dxc5 Bxc5 10. e4 {(=)} 10... dxe4 11. Nxe4 Nxe4 12. Bxe7 Bxf2+ 13. Ke2 {
(=)} 13... Nxe7 14. Ne5 (14. Nd2 $1 $18) 14... O-O-O 15. Qb3 Ba4 16. Qxa4 Rd2+
17. Kf3 Ng5+ 18. Kg4 f5+ $4 (18... f6 $1 $19) 19. Kxg5 $18 Be3+ 20. Kh4 g5+ 21.
Kh5 g4 22. Bc4 Ng6 23. Nxg6 hxg6+ 24. Kxg6 Rh6+ 25. Kf7 Rd8 26. Bxe6+ Kb8 27.
Rae1 Bg5 28. Bxf5 Rf6+ 29. Kg7 Rff8 30. Qc4 Bf6+ 31. Kg6 Bh4 32. Re7 Rf6+ 33.
Kg7 1-0

[Event "67. BEM 2013"]
[Site "Dortmund"]
[Date "2013.02.28"]
[Round "6.4"]
[White "Simon, Thomas"]
[Black "Ziemek, Gerhard"]
[Result "1/2-1/2"]
[WhiteElo "1778"]
[BlackElo "1692"]
[Annotator "Schulenburg,Pit"]
[PlyCount "23"]
[EventDate "2013.??.??"]
[Source "SG Dortmund"]
[SourceDate "2004.12.16"]

1. Nf3 c5 2. c4 g6 3. d4 cxd4 4. Nxd4 Bg7 5. Nc3 Nf6 6. e4 d6 7. Bd3 Nc6 8. Be3
({Notiert wurde, wahrscheinlich inkorrekt} 8. Be2 a6 9. O-O O-O 10. f3 Bd7 11.
Qd2 Rc8 12. b3) 8... a6 9. O-O O-O 10. f3 Bd7 11. Qd2 Rc8 12. b3 1/2-1/2

[Event "67. BEM 2013"]
[Site "Dortmund"]
[Date "2013.02.28"]
[Round "6.5"]
[White "Schiefelbusch, Dirk"]
[Black "Lauche, Christoph"]
[Result "1-0"]
[WhiteElo "2061"]
[BlackElo "1914"]
[PlyCount "53"]
[EventDate "2013.??.??"]
[Source "SG Dortmund"]
[SourceDate "2004.12.16"]

1. d4 d6 2. Nf3 Nf6 3. c4 Nbd7 4. Nc3 e5 5. g3 Be7 6. Bg2 c6 7. O-O Qc7 8. e4
O-O 9. Be3 Re8 10. Rc1 a6 11. b4 Ng4 12. Bd2 exd4 13. Nxd4 Nge5 14. Qb3 Nb6 15.
Nce2 c5 16. bxc5 dxc5 17. Ba5 Bd8 18. Nf3 Nexc4 19. Qxc4 Nxc4 20. Bxc7 Be6 21.
Bxd8 Raxd8 22. Nf4 b5 23. Nxe6 Rxe6 24. Rfd1 Red6 25. Rxd6 Nxd6 26. e5 Nc4 27.
Bf1 1-0

[Event "67. BEM 2013"]
[Site "Dortmund"]
[Date "2013.02.28"]
[Round "6.6"]
[White "Zelt, Jens"]
[Black "Cogan, Leonid"]
[Result "1/2-1/2"]
[WhiteElo "2066"]
[BlackElo "1725"]
[PlyCount "117"]
[EventDate "2013.??.??"]
[Source "SG Dortmund"]
[SourceDate "2004.12.16"]

1. d4 Nf6 2. Nf3 e6 3. Bf4 Nh5 4. Bg3 Nxg3 5. hxg3 c5 6. c3 cxd4 7. Nxd4 Nc6 {
(=)} 8. e3 Be7 9. Qc2 a6 10. a4 Nxd4 11. exd4 d5 12. Rxh7 Rxh7 13. Qxh7 Bf6 14.
a5 e5 15. Qg8+ Ke7 16. Qxd8+ Kxd8 17. dxe5 Bxe5 18. Bd3 Be6 19. Nd2 Ke7 20. Nf3
Bf6 21. Nd4 Rh8 22. Ke2 Kd6 23. f3 Be5 24. Kf2 Bd7 25. Re1 Bf6 26. Ne2 Be6 27.
Rd1 Bd8 28. Ra1 Bf6 29. g4 Rc8 30. Ke3 Rh8 31. b4 Rc8 32. Rc1 Re8 33. Kf2 Rc8
34. Rc2 g6 35. Rc1 Rc7 36. Ke3 Rc8 37. Kd2 Rc7 38. Rb1 Rc8 39. Nd4 Bg5+ 40. Kc2
Bd8 41. Kb3 Bd7 42. Rd1 Ke5 43. Ne2 Kd6 44. c4 dxc4+ 45. Bxc4+ Ke7 46. Nc3 Be6
47. Bxe6 Kxe6 48. Na4 Be7 49. Re1+ Kd6 50. Nc5 Rc7 51. g5 Kc6 52. Ne4 Kb5 53.
Rd1 Bxb4 54. Rd5+ Kc6 55. Re5 Re7 56. Rxe7 Bxe7 57. Kc4 Bd8 58. Kb4 Be7+ 59.
Kc4 1/2-1/2

[Event "67. BEM 2013"]
[Site "Dortmund"]
[Date "2013.02.28"]
[Round "6.7"]
[White "Schmock, Sven"]
[Black "Kropp, Andreas"]
[Result "0-1"]
[WhiteElo "1779"]
[BlackElo "1908"]
[PlyCount "40"]
[EventDate "2013.??.??"]
[Source "SG Dortmund"]
[SourceDate "2004.12.16"]

1. d4 d5 2. Nf3 Nf6 3. Bf4 c6 4. e3 Bg4 5. Nbd2 Nbd7 6. c3 Nh5 7. Bg3 Nxg3 8.
hxg3 e5 9. Qb3 e4 10. Nh2 Be6 11. Qxb7 Nb6 12. Qa6 Bd6 13. c4 Bb4 14. c5 Bc8
15. Qe2 Nc4 16. Rd1 a5 17. a3 Nxb2 18. Rb1 Nd3+ 19. Kd1 Bxa3 20. f3 Ba6 0-1

[Event "67. BEM 2013"]
[Site "Dortmund"]
[Date "2013.02.28"]
[Round "6.8"]
[White "Zachos, Ingo"]
[Black "Tekin, Baran"]
[Result "0-1"]
[WhiteElo "1884"]
[BlackElo "1709"]
[PlyCount "78"]
[EventDate "2013.??.??"]
[Source "SG Dortmund"]
[SourceDate "2004.12.16"]

1. Nf3 g6 2. c4 Bg7 3. g3 c5 4. Bg2 Nc6 5. O-O b6 6. Nc3 Bb7 7. Rb1 Ne5 8. Nxe5
Bxg2 9. Nxf7 Kxf7 10. Kxg2 Nf6 11. d3 Rf8 12. a3 d5 13. cxd5 Nxd5 14. Qb3 e6
15. Bd2 Kg8 16. Qc4 Rc8 17. Rbd1 Qd7 18. Kg1 Ne7 19. Rb1 Nf5 20. Ne4 b5 21. Qc1
Nd4 22. Qd1 Qd5 23. Bc3 e5 24. Bxd4 exd4 25. Qd2 c4 26. Rbc1 Qe5 27. Rc2 c3 28.
bxc3 dxc3 29. Qe3 Qe7 30. Qc1 a5 31. Qb1 b4 32. Qb3+ Kh8 33. axb4 axb4 34. Rb1
Rb8 35. Ra2 Qf7 36. Qxf7 Rxf7 37. Nc5 Bd4 38. Nb3 Bxf2+ 39. Kg2 Be3 0-1

[Event "67. BEM 2013"]
[Site "Dortmund"]
[Date "2013.02.28"]
[Round "6.9"]
[White "Schwarz, Ingo"]
[Black "Raskin, Vitali"]
[Result "1-0"]
[WhiteElo "1875"]
[BlackElo "1671"]
[PlyCount "79"]
[EventDate "2013.??.??"]
[Source "SG Dortmund"]
[SourceDate "2004.12.16"]

1. e4 e5 2. Nf3 Nc6 3. d4 exd4 4. Nxd4 Bc5 5. Be3 Qf6 6. c3 Nge7 7. g3 d5 8.
Bg2 dxe4 9. Bxe4 Nxd4 10. cxd4 Bb6 11. O-O c6 12. Nc3 O-O 13. Na4 Bc7 14. Rc1
Bh3 15. Bxh7+ Kxh7 16. Qh5+ Kg8 17. Qxh3 Nd5 18. Nc5 Rfe8 19. Qg4 Nxe3 20. fxe3
Qh6 21. Rc3 Rxe3 22. Qd7 Re2 23. Qxf7+ Kh8 24. Rf2 Rxf2 25. Qxf2 Re8 26. Rf3
Qh5 27. Kg2 Qd5 28. Kf1 Qc4+ 29. Nd3 Bd6 30. b3 Qb5 31. Kg1 b6 32. Ne5 Rxe5 33.
dxe5 Bc5 34. Re3 Qb4 35. e6 Qd4 36. e7 Qd1+ 37. Kg2 Qd5+ 38. Qf3 Bxe7 39. Qxd5
cxd5 40. Rxe7 1-0